Παραμύθια με δυνατές γυναίκες

Saved in:
Bibliographic Details
Other Authors: Προύσαλης, Δημήτρης Β. (Editor)
Format: Book
Language:Greek
Published: Αθήνα : Απόπειρα, 2016.
Series:Του κόσμου τα παραμύθια ; 35
Subjects:
Tags: Add Tag
No Tags, Be the first to tag this record!

MARC

LEADER 00000cam a2200000 a 4500
001 1/120067
008 191008r2016 gr | ||| |||| ||gre||
020 |a 9789605372248 
040 |a GR-MyUa  |b gre  |c GR-MyUa  |e AACR2 
041 0 |a gre 
082 7 |a 808.80375 ή 372.67  |2 (23) 
245 1 0 |a Παραμύθια με δυνατές γυναίκες /   |c επιμέλεια έκδοσης, πρόλογος, σημειώσεις Δημήτρης Β. Προύσαλης.  
260 |a Αθήνα :   |b Απόπειρα,   |c 2016.  
300 |a 199 σ. ;   |c 21 εκ.  
490 1 |a (Του κόσμου τα παραμύθια) ;   |v 35 
500 |a Δεκαεννέα ιστορίες της προφορικής παράδοσης που ακούστηκαν στη διάρκεια του 3ου Φεστιβάλ Αφήγησης "Αθήνα ... μια πόλη παραμύθια" 2016. -- Αφηγούνται και γράφουν : Βέρα Αισώπου, Μαρούσα Απειρανθίτου κ.α.  
500 |a Με την υποστήριξη της μη κερδοσκοπικής εταιρείας "Παραμύθια και μύθοι στου Κένταυρου τη ράχη" 
650 0 |a Narration (Rhetoric) 
650 0 |a Fairy tales  |z Greece. 
650 0 |a Folk literature, Greek. 
650 0 |a Tales. 
700 1 |a Προύσαλης, Δημήτρης Β.  |e edt 
830 0 |a Του κόσμου τα παραμύθια ;  |v 35 
852 |a INST  |b SAMOS  |e 20191008  |h 808.80375 ΠΑΡ  |p 005300046146  |q 005300046146  |t BK  |y 0 
920 |a Σιταροπούλου   |b Μαρία  |y Σάμος  |z 2019-07 
970 |a Γουβάλα  |b Βάσω  |z 08-10-2019